Μορφές βίας
Αποθηκεύτηκε σε:
| Κύριος συγγραφέας: | |
|---|---|
| Μορφή: | Βιβλίο |
| Γλώσσα: | Greek |
| Δημοσίευση: |
Αθήνα :
Σαββάλας,
2003
|
| Σειρά: | Κοινωνικές επιστήμες (Σαββάλας)
|
| Θέματα: | |
| Ετικέτες: |
Προσθήκη ετικέτας
Δεν υπάρχουν, Καταχωρήστε ετικέτα πρώτοι!
|
MARC
| LEADER | 00000nam a2200000 i 4500 | ||
|---|---|---|---|
| 001 | 1/80328 | ||
| 008 | 050708s2003 gre d | ||
| 020 | |a 960-423-071-9 | ||
| 035 | |l 10078997 | ||
| 040 | |a GR-MY-UA |b gre |e aacr | ||
| 041 | 0 | |a gre | |
| 082 | 0 | |a 303.6 |2 (22) | |
| 100 | 1 | |a Δημητρίου, Σωτήρης Θ., |d 1925-2016. | |
| 245 | 1 | 0 | |a Μορφές βίας / |c Σωτήρης Δημητρίου |
| 260 | |a Αθήνα : |b Σαββάλας, |c 2003 | ||
| 300 | |a 313 σ.; |c 24 εκ. | ||
| 490 | 1 | |a Κοινωνικές επιστήμες | |
| 504 | |a Περιέχει βιβλιογραφία (σ. 249-294) και ευρετήρια | ||
| 650 | 0 | 0 | |a Violence. |
| 830 | 0 | |a Κοινωνικές επιστήμες (Σαββάλας) | |
| 852 | |a INST |b LESVOS |e 20050708 |h 303.6 ΔΗΜ |p 005100032057 |q 005100032057 |t BK |y 0 | ||
| 901 | |a BIBL1-2005-2 | ||
| 909 | |a Λ |b 118375 | ||
| 920 | |a ΕΠΕΑΕΚ ΚΟΙΝΩΝΙΚΗΣ ΑΝΘΡΩΠΟΛΟΓΙΑΣ ΚΑΙ ΙΣΤΟΡΙΑΣ |y ΛΕΣΒΟΣ |z 2005-04 | ||
| 970 | |a ΚΑΡΑ |b ΓΙΑΣΕΜΗ |z 2005/07/08 | ||